000
00302nam a2200109Ia 4500
008
220204s9999 xx 000 0 und d
082
_a
061.6(047)
_b
INT
245
0
_a
International rice research institute: Annual report 1969
260
_a
Philippine
_b
IRRI
_c
1970
650
_a
Annual report
942
_c
BK
999
_c
21914
_d
21914